[Event "Polofinale MCR junioru 2013"]
[Site "Havlickuv Brod - hotel Slunce"]
[Date "2013.11.23"]
[Round "9.4"]
[White "Szotkowski, Jakub"]
[Black "Machan, Jan"]
[Result "1/2-1/2"]
[WhiteElo "2183"]
[BlackElo "2144"]
[PlyCount "75"]
[EventDate "2013.11.17"]

1. Nf3 d5 2. c4 c6 3. d4 Nf6 4. Nc3 Bf5 5. e3 e6 6. Be2 h6 7. O-O Nbd7 8. b3
Bd6 9. Bb2 O-O 10. Rc1 Ne4 11. Nxe4 Bxe4 12. g3 a5 13. Nd2 Bg6 14. Bf3 Nf6 15.
Qe2 Qe7 16. a4 Rfd8 17. Bc3 Ba3 18. Ra1 Bd6 19. Rfe1 Rd7 20. Bg2 Rdd8 21. h3
Rd7 22. f4 Ne4 23. Nxe4 Bxe4 24. Bxe4 dxe4 25. c5 Bc7 26. b4 axb4 27. Bxb4 f5
28. Reb1 g5 29. Be1 gxf4 30. gxf4 Bd8 31. Kh2 Qf6 32. Ra2 Rg7 33. Rbb2 Qg6 34.
Qf1 Qh5 35. Rg2 Bf6 36. a5 Qf7 37. Rxg7+ Kxg7 38. Rg2+ 1/2-1/2

[Event "Polofinale MCR junioru 2013"]
[Site "Havlickuv Brod - hotel Slunce"]
[Date "2013.11.23"]
[Round "9.5"]
[White "Pulpan, Jakub"]
[Black "Haman, Jakub"]
[Result "1-0"]
[WhiteElo "2089"]
[BlackElo "2182"]
[PlyCount "61"]
[EventDate "2013.11.17"]

1. e4 e5 2. Nf3 Nc6 3. Bb5 a6 4. Ba4 Nf6 5. O-O Be7 6. Re1 b5 7. Bb3 O-O 8. a4
Bb7 9. d3 d6 10. Nbd2 Nd7 11. a5 Bf6 12. Nf1 Nc5 13. Bd5 Nd4 14. Bxb7 Nxb7 15.
Nxd4 exd4 16. f4 c5 17. Bd2 Re8 18. Qf3 Ra7 19. Ng3 c4 20. Bb4 Be7 21. Nf5 Bf6
22. Re2 Qd7 23. Rae1 g6 24. e5 dxe5 25. Nh6+ Kg7 26. Ng4 Nd8 27. fxe5 Bg5 28.
Qf6+ Bxf6 29. exf6+ Kg8 30. Rxe8+ Qxe8 31. Rxe8# 1-0

[Event "Polofinale MCR junioru 2013"]
[Site "Havlickuv Brod - hotel Slunce"]
[Date "2013.11.23"]
[Round "9.6"]
[White "Nguyen, Thai Dai Van"]
[Black "Kozel, Jiri"]
[Result "0-1"]
[WhiteElo "2176"]
[BlackElo "2014"]
[PlyCount "110"]
[EventDate "2013.11.17"]

1. e4 c5 2. Nf3 e6 3. d4 cxd4 4. Nxd4 Nf6 5. Nc3 Nc6 6. Ndb5 Bc5 7. Bf4 O-O 8.
Bd6 Qb6 9. Bc4 Bxd6 10. Qxd6 a6 11. Nc7 Qxb2 12. O-O Qxc3 13. Nxa8 Qxc4 14. e5
Nd5 15. Nc7 Nc3 16. a4 Nd4 17. Na8 Nxc2 18. Nb6 Qc6 19. Rac1 Ne2+ 20. Kh1 Nxc1
21. Rxc1 Qe4 22. Qd2 Qd4 23. Qxc2 Qxb6 24. Qxc8 Qxf2 25. Qxb7 Qd2 26. Rf1 Qd3
27. Re1 Qa3 28. Rd1 Qxa4 29. Qxd7 Qxd7 30. Rxd7 Ra8 31. Rd4 a5 32. Ra4 f6 33.
exf6 gxf6 34. Kg1 Kf7 35. Kf2 Ra7 36. Ke3 Ke7 37. g4 Kd6 38. Kd4 Ra8 39. h3 Ra7
40. Kc4 Ke5 41. Kc5 Ra8 42. Kc6 Rc8+ 43. Kb6 f5 44. Rxa5+ Kf4 45. gxf5 exf5 46.
Ra7 h5 47. Ra4+ Kg3 48. Ra3+ Kg2 49. Ra5 f4 50. Rxh5 f3 51. Rg5+ Kxh3 52. Rf5
Kg2 53. Rg5+ Kf1 54. Rf5 f2 55. Rf7 Re8 0-1

[Event "Polofinale MCR junioru 2013"]
[Site "Havlickuv Brod - hotel Slunce"]
[Date "2013.11.23"]
[Round "9.7"]
[White "Kraus, Tomas"]
[Black "Chmel, Kristian"]
[Result "1-0"]
[WhiteElo "2346"]
[BlackElo "2002"]
[PlyCount "55"]
[EventDate "2013.11.17"]

1. Nf3 Nf6 2. b3 e6 3. Bb2 c5 4. e3 b6 5. d4 Bb7 6. Bd3 cxd4 7. exd4 Be7 8. O-O
d6 9. Re1 O-O 10. c4 Nbd7 11. Nbd2 a6 12. b4 Qb8 13. Nb3 Rc8 14. Bc1 d5 15. c5
a5 16. a3 axb4 17. axb4 Rxa1 18. Nxa1 bxc5 19. dxc5 e5 20. Bf5 g6 21. Nxe5 Nxe5
22. Bxc8 Bxc8 23. Bf4 Qxb4 24. Bxe5 Qxc5 25. Nb3 Qc6 26. Ba1 Bf8 27. Qc1 Qa6
28. Bxf6 1-0

[Event "Polofinale MCR junioru 2013"]
[Site "Havlickuv Brod - hotel Slunce"]
[Date "2013.11.23"]
[Round "9.8"]
[White "Skalicky, Tomas"]
[Black "Braun, Marek"]
[Result "1/2-1/2"]
[WhiteElo "1989"]
[BlackElo "2229"]
[PlyCount "54"]
[EventDate "2013.11.17"]

1. d4 Nf6 2. c4 c5 3. d5 e5 4. Nc3 d6 5. e4 Be7 6. Nf3 Nbd7 7. Be2 O-O 8. O-O
a6 9. a3 Rb8 10. b4 Ne8 11. Be3 b6 12. Ne1 Bg5 13. Qd2 Bxe3 14. Qxe3 g6 15. Nd3
Ng7 16. bxc5 bxc5 17. Rab1 Qa5 18. Rxb8 Nxb8 19. Qc1 f5 20. f3 Nd7 21. Qb2 Rf7
22. Nc1 Nf8 23. Nb3 Qd8 24. Rb1 Nh5 25. g3 fxe4 26. Nxe4 Bh3 27. Bf1 Bxf1
1/2-1/2

[Event "Polofinale MCR junioru 2013"]
[Site "Havlickuv Brod - hotel Slunce"]
[Date "2013.11.23"]
[Round "9.9"]
[White "Seidl, Stepan"]
[Black "Cap, Adam"]
[Result "1/2-1/2"]
[WhiteElo "2212"]
[BlackElo "2075"]
[PlyCount "66"]
[EventDate "2013.11.17"]

1. e4 e5 2. Nf3 Nc6 3. Bb5 a6 4. Ba4 Nf6 5. O-O b5 6. Bb3 Be7 7. a4 b4 8. Re1
O-O 9. d4 d6 10. c3 bxc3 11. bxc3 exd4 12. cxd4 Bg4 13. a5 d5 14. Ba4 Nxa5 15.
exd5 Nxd5 16. Bc2 Nc6 17. Bxh7+ Kxh7 18. Qc2+ Kg8 19. Qxc6 Bxf3 20. gxf3 Bd6
21. Ra5 Nb4 22. Qe4 c5 23. dxc5 Qxa5 24. cxd6 Qb6 25. Bg5 Qxd6 26. Be7 Qg6+ 27.
Qxg6 fxg6 28. Bxb4 Rxf3 29. Nd2 Rf4 30. Ne4 a5 31. Bd6 Rf7 32. Kg2 a4 33. Ra1
Rf5 1/2-1/2

[Event "Polofinale MCR junioru 2013"]
[Site "Havlickuv Brod - hotel Slunce"]
[Date "2013.11.23"]
[Round "9.10"]
[White "Hanl, Frantisek"]
[Black "Stachon, Martin"]
[Result "1/2-1/2"]
[WhiteElo "1969"]
[BlackElo "2113"]
[PlyCount "71"]
[EventDate "2013.11.17"]

1. e4 c5 2. Nf3 e6 3. d4 cxd4 4. Nxd4 a6 5. Bd3 Bc5 6. Nb3 Be7 7. Be3 d6 8. f4
Qc7 9. Qf3 Nd7 10. Nc3 Ngf6 11. g4 Nc5 12. Nxc5 dxc5 13. e5 Nd5 14. Nxd5 exd5
15. Qxd5 Bxg4 16. Bf2 Be6 17. Qg2 g5 18. O-O-O O-O-O 19. f5 Bxa2 20. f6 Bf8 21.
Bf5+ Be6 22. Rxd8+ Qxd8 23. Bxe6+ fxe6 24. Rd1 Qe8 25. Qxg5 Qg6 26. Qd2 Bh6 27.
Be3 Bxe3 28. Qxe3 Kb8 29. Kb1 Rc8 30. Qd3 Qg4 31. Qd6+ Ka7 32. Rf1 Qe2 33. Rd1
Rc6 34. Qd8 Rc8 35. Qd6 Rc6 36. Qd8 1/2-1/2

[Event "Polofinale MCR junioru 2013"]
[Site "Havlickuv Brod - hotel Slunce"]
[Date "2013.11.23"]
[Round "9.11"]
[White "Slampa, Jan"]
[Black "Kratochvil, Vit"]
[Result "0-1"]
[WhiteElo "2097"]
[BlackElo "2040"]
[PlyCount "42"]
[EventDate "2013.11.17"]

1. e4 c5 2. Nf3 d6 3. d4 cxd4 4. Nxd4 Nf6 5. Nc3 g6 6. Be3 Bg7 7. f3 O-O 8. Qd2
Nc6 9. O-O-O Nxd4 10. Bxd4 Be6 11. g4 Qa5 12. h4 Bxa2 13. h5 Be6 14. Qh2 Rfc8
15. Bd3 Nxg4 16. fxg4 Bh6+ 17. Rd2 Rxc3 18. Kd1 Bxg4+ 19. Ke1 Rxd3 20. cxd3
Bxd2+ 21. Kf2 Bxh5 0-1

[Event "Polofinale MCR junioru 2013"]
[Site "Havlickuv Brod - hotel Slunce"]
[Date "2013.11.23"]
[Round "9.12"]
[White "Chromik, Tomas"]
[Black "Kozusek, Daniel"]
[Result "0-1"]
[WhiteElo "1940"]
[BlackElo "2085"]
[PlyCount "60"]
[EventDate "2013.11.17"]

1. d4 Nf6 2. c4 e6 3. g3 d5 4. Nf3 c6 5. Bg2 Nbd7 6. Qc2 dxc4 7. Qxc4 Bd6 8.
O-O e5 9. Nc3 Nb6 10. Qd3 exd4 11. Nxd4 O-O 12. Rd1 Bc7 13. Qc2 Qe7 14. b3 Rd8
15. Bb2 Bg4 16. a4 Be5 17. Nf3 Bd6 18. a5 Nbd5 19. Nxd5 Nxd5 20. Qc4 Be6 21.
Qd4 Nf6 22. Qe3 Bc5 23. Nd4 a6 24. Qe5 Ng4 25. Nxc6 Qf8 26. Rxd8 Rxd8 27. Qg5
bxc6 28. Bxg7 Bxf2+ 29. Kf1 Be3 30. Qh4 Kxg7 0-1

[Event "Polofinale MCR junioru 2013"]
[Site "Havlickuv Brod - hotel Slunce"]
[Date "2013.11.23"]
[Round "9.13"]
[White "Wagner, Vojtech"]
[Black "Hrdina, Robin"]
[Result "1/2-1/2"]
[WhiteElo "1887"]
[BlackElo "2080"]
[PlyCount "45"]
[EventDate "2013.11.17"]

1. e4 c5 2. Nf3 e6 3. d4 cxd4 4. Nxd4 a6 5. Bd3 Qc7 6. O-O Nf6 7. Nc3 Be7 8. a4
b6 9. Be3 O-O 10. f4 d6 11. Qf3 Bb7 12. Qg3 Rd8 13. Rae1 Nbd7 14. Nf3 Nc5 15.
Bxc5 Qxc5+ 16. Kh1 Qb4 17. Qh3 h6 18. e5 Nd5 19. Nxd5 Bxd5 20. f5 dxe5 21. Nxe5
Qh4 22. Qxh4 Bxh4 23. Re2 1/2-1/2

[Event "Polofinale MCR junioru 2013"]
[Site "Havlickuv Brod - hotel Slunce"]
[Date "2013.11.23"]
[Round "9.14"]
[White "Liska, Jiri"]
[Black "Toman, Ondrej"]
[Result "1/2-1/2"]
[WhiteElo "1865"]
[BlackElo "2080"]
[PlyCount "66"]
[EventDate "2013.11.17"]

1. Nf3 b6 2. g3 Bb7 3. Bg2 Nf6 4. d4 e6 5. O-O c5 6. e3 Be7 7. c4 O-O 8. Nc3
cxd4 9. exd4 d5 10. Ne5 Nc6 11. cxd5 Nxe5 12. dxe5 Nxd5 13. Qb3 Nxc3 14. Bxb7
Ne2+ 15. Kh1 Rb8 16. Bg2 Nd4 17. Qd3 Nf5 18. Qa6 Qd7 19. Bf3 Bc5 20. Bf4 Qe7
21. Bd2 Bd4 22. Qb5 Rfd8 23. Rad1 Rbc8 24. Be4 Rc5 25. Qa4 Rxe5 26. Bg5 Qxg5
27. Rxd4 Red5 28. Rfd1 Qf6 29. Rxd5 Rxd5 30. Re1 h6 31. Kg1 a5 32. b4 axb4 33.
Qxb4 e5 1/2-1/2

[Event "Polofinale MCR junioru 2013"]
[Site "Havlickuv Brod - hotel Slunce"]
[Date "2013.11.23"]
[Round "9.15"]
[White "Alfimov, Igor"]
[Black "Ptacek, Tomas"]
[Result "1/2-1/2"]
[WhiteElo "2008"]
[BlackElo "2024"]
[PlyCount "33"]
[EventDate "2013.11.17"]

1. d4 d5 2. c4 e6 3. Nc3 Nf6 4. Bf4 Be7 5. Nf3 O-O 6. e3 b6 7. Bd3 Bb7 8. cxd5
exd5 9. O-O Nbd7 10. Ne5 c5 11. Qa4 Nxe5 12. Bxe5 c4 13. Be2 a6 14. Bf3 b5 15.
Qc2 b4 16. Na4 Bc6 17. Nc5 1/2-1/2

[Event "Polofinale MCR junioru 2013"]
[Site "Havlickuv Brod - hotel Slunce"]
[Date "2013.11.23"]
[Round "9.16"]
[White "Starek, Stanislav"]
[Black "Melichar, Vojtech"]
[Result "1/2-1/2"]
[WhiteElo "2135"]
[BlackElo "1939"]
[PlyCount "54"]
[EventDate "2013.11.17"]

1. d4 Nf6 2. Nf3 g6 3. Bf4 Bg7 4. Nc3 d5 5. Qd2 Bf5 6. Ne5 c6 7. f3 h5 8. O-O-O
Nbd7 9. Re1 Nxe5 10. Bxe5 Bh6 11. Bf4 Bxf4 12. Qxf4 Qd6 13. Qxd6 exd6 14. e4
dxe4 15. fxe4 Bd7 16. e5 dxe5 17. Rxe5+ Kf8 18. Bc4 Kg7 19. Re7 Rhf8 20. Rhe1
Rae8 21. Kd2 Bc8 22. a4 Rd8 23. Ne2 Bf5 24. Rxb7 Ne4+ 25. Kc1 Nd6 26. Ba6 Nxb7
27. Bxb7 Be4 1/2-1/2

[Event "Polofinale MCR junioru 2013"]
[Site "Havlickuv Brod - hotel Slunce"]
[Date "2013.11.23"]
[Round "9.17"]
[White "Skorepa, Tomas"]
[Black "Walek, Petr"]
[Result "0-1"]
[WhiteElo "1766"]
[BlackElo "2099"]
[PlyCount "66"]
[EventDate "2013.11.17"]

1. d4 Nf6 2. c4 c5 3. Nf3 cxd4 4. Nxd4 Nc6 5. Nc3 g6 6. e4 d6 7. Be2 Bg7 8. Be3
O-O 9. Qd2 Bd7 10. f3 a5 11. b3 a4 12. Nxa4 Nxd4 13. Bxd4 Bxa4 14. bxa4 Nd7 15.
Bxg7 Kxg7 16. Qb2+ Kg8 17. O-O Qc7 18. Rab1 Nc5 19. Bd1 Ra6 20. Bc2 Rfa8 21.
Rfd1 R8a7 22. Rd2 Nxa4 23. Bxa4 Qc5+ 24. Kh1 Rxa4 25. Rd5 Qe3 26. Qb5 Rxa2 27.
Qe8+ Kg7 28. Qxe7 Qe2 29. Qg5 Rb2 30. Rg1 Qf2 31. h3 h6 32. Qf4 Ra1 33. Qh2
Rbb1 0-1

[Event "Polofinale MCR junioru 2013"]
[Site "Havlickuv Brod - hotel Slunce"]
[Date "2013.11.23"]
[Round "9.18"]
[White "Riha, Jaroslav"]
[Black "Cermak, Jan"]
[Result "1/2-1/2"]
[WhiteElo "2028"]
[BlackElo "1685"]
[PlyCount "80"]
[EventDate "2013.11.17"]

1. c4 c5 2. Nf3 Nc6 3. g3 b6 4. Bg2 Bb7 5. O-O Nf6 6. Nc3 g6 7. e3 Bg7 8. d4 d6
9. d5 Nb8 10. Qc2 O-O 11. e4 Nbd7 12. Re1 Qc7 13. b3 Ng4 14. Bb2 Nge5 15. Nxe5
Bxe5 16. Nb5 Qb8 17. Bxe5 Nxe5 18. f4 Nd7 19. a4 Ba6 20. Nc3 Qc7 21. Re3 Rae8
22. Rae1 f6 23. Bh3 Bc8 24. Bxd7 Bxd7 25. e5 fxe5 26. fxe5 Qb8 27. Qe2 Qd8 28.
Ne4 dxe5 29. Nc3 e6 30. Rxe5 exd5 31. Nxd5 Qb8 32. Qb2 Rxe5 33. Rxe5 Qd6 34.
Re7 Rf7 35. Rxf7 Kxf7 36. Qh8 Qe6 37. Qxh7+ Kf8 38. Qh6+ Kf7 39. Qf4+ Kg7 40.
Kf2 b5 1/2-1/2

[Event "Polofinale MCR junioru 2013"]
[Site "Havlickuv Brod - hotel Slunce"]
[Date "2013.11.23"]
[Round "9.19"]
[White "Kaluzny, Matyas"]
[Black "Horak, Ales"]
[Result "1/2-1/2"]
[WhiteElo "1985"]
[BlackElo "1988"]
[PlyCount "31"]
[EventDate "2013.11.17"]

1. e4 e5 2. Nf3 Nc6 3. Bb5 Bc5 4. O-O Nge7 5. c3 O-O 6. d4 Bd6 7. d5 Nb8 8.
Nbd2 b6 9. Nc4 Ng6 10. Nxd6 cxd6 11. Be3 Ba6 12. Bxa6 Nxa6 13. Nd2 Nc7 14. a4
Qb8 15. f3 Rc8 16. Qe2 1/2-1/2

[Event "Polofinale MCR junioru 2013"]
[Site "Havlickuv Brod - hotel Slunce"]
[Date "2013.11.23"]
[Round "9.20"]
[White "Strnad, Jakub"]
[Black "Dobes, Vojtech"]
[Result "0-1"]
[WhiteElo "1772"]
[BlackElo "2116"]
[PlyCount "80"]
[EventDate "2013.11.17"]

1. e4 c5 2. Nf3 Nf6 3. Nc3 Nc6 4. d4 d5 5. e5 cxd4 6. Nb5 Ne4 7. Nbxd4 e6 8. c3
Qc7 9. Nxc6 bxc6 10. Bd3 Be7 11. O-O Bb7 12. Re1 c5 13. Qa4+ Bc6 14. Bb5 Bxb5
15. Qxb5+ Qd7 16. Qxd7+ Kxd7 17. Nd2 Nxd2 18. Bxd2 Rhb8 19. b3 a5 20. Rab1 f6
21. Kf1 f5 22. Re3 Bg5 23. Re2 Bxd2 24. Rxd2 Ra7 25. Ke2 g5 26. h4 g4 27. g3
Kc6 28. Rdb2 Rf7 29. Ke3 f4+ 30. gxf4 Rbf8 31. b4 axb4 32. cxb4 c4 33. a4 Rxf4
34. Re2 d4+ 35. Kd2 Rxf2 36. Rg1 h5 37. Rg2 Rxg2 38. Rxg2 Kd5 39. Re2 c3+ 40.
Kc2 g3 0-1

[Event "Polofinale MCR junioru 2013"]
[Site "Havlickuv Brod - hotel Slunce"]
[Date "2013.11.23"]
[Round "9.21"]
[White "Liduch, Filip"]
[Black "Tuma, Jan"]
[Result "1/2-1/2"]
[WhiteElo "1856"]
[BlackElo "1817"]
[PlyCount "66"]
[EventDate "2013.11.17"]

1. e4 c5 2. Nf3 Nc6 3. d4 cxd4 4. Nxd4 Nf6 5. Nc3 e5 6. Ndb5 d6 7. Bg5 a6 8.
Na3 b5 9. Bxf6 gxf6 10. Nd5 f5 11. c3 Rb8 12. exf5 Bxf5 13. Nc2 Bg7 14. Nce3
Be6 15. Bd3 Ne7 16. Nxe7 Qxe7 17. O-O Qg5 18. Be4 Rb6 19. a4 bxa4 20. Qxa4+ Ke7
21. Nc4 Bxc4 22. Qxc4 Rhb8 23. Qc7+ Ke6 24. Rxa6 Qe7 25. Qc4+ Kf6 26. f4 Rxa6
27. fxe5+ Kg5 28. Qe2 Qa7+ 29. Kh1 Ra1 30. Qd2+ Kh5 31. Bf3+ Kg6 32. Qd3+ Kh6
33. Qd2+ Kg6 1/2-1/2

[Event "Polofinale MCR junioru 2013"]
[Site "Havlickuv Brod - hotel Slunce"]
[Date "2013.11.23"]
[Round "9.23"]
[White "Kamarad, Frantisek"]
[Black "Havelka, Jan"]
[Result "1/2-1/2"]
[WhiteElo "1713"]
[BlackElo "1835"]
[PlyCount "66"]
[EventDate "2013.11.17"]

1. e4 c5 2. Nf3 d6 3. b4 cxb4 4. d4 Bg4 5. Bc4 e6 6. Bb2 Nf6 7. Nbd2 d5 8. Bb5+
Nc6 9. h3 Bxf3 10. Qxf3 dxe4 11. Nxe4 Nxe4 12. Qxe4 Qd5 13. Qxd5 exd5 14. O-O
O-O-O 15. Rfe1 Bd6 16. Re3 Rhe8 17. Rae1 Kd7 18. Kf1 Rxe3 19. Rxe3 Re8 20. Rf3
f6 21. Bd3 h6 22. Bf5+ Kc7 23. Re3 Rxe3 24. fxe3 Na5 25. Be6 Nc4 26. Bc1 Kc6
27. Kf2 Bf8 28. Kf3 Nd6 29. Kg4 a5 30. Kh5 a4 31. Kg6 a3 32. Bd2 Nc4 33. Bc1
Nd6 1/2-1/2

[Event "Polofinale MCR junioru 2013"]
[Site "Havlickuv Brod - hotel Slunce"]
[Date "2013.11.23"]
[Round "9.24"]
[White "Skorepa, Jakub"]
[Black "Sucharda, David"]
[Result "1/2-1/2"]
[WhiteElo "1804"]
[BlackElo "1712"]
[PlyCount "43"]
[EventDate "2013.11.17"]

1. e4 e6 2. d4 d5 3. Nd2 Nf6 4. e5 Nfd7 5. Bd3 c5 6. c3 Nc6 7. Ne2 Be7 8. O-O
O-O 9. Nf3 f6 10. exf6 Nxf6 11. Re1 Bd7 12. b3 Qa5 13. Bc2 cxd4 14. cxd4 Qc7
15. Nc3 Kh8 16. Qd3 Nd8 17. Bg5 g6 18. Ne5 Be8 19. Re3 Bd6 20. Rae1 Nh5 21. g3
Ng7 22. Bh6 1/2-1/2

[Event "Polofinale MCR junioru 2013"]
[Site "Havlickuv Brod - hotel Slunce"]
[Date "2013.11.23"]
[Round "9.25"]
[White "Kriz, Vojtech"]
[Black "Hajek, Oskar"]
[Result "0-1"]
[WhiteElo "1546"]
[BlackElo "1920"]
[PlyCount "74"]
[EventDate "2013.11.17"]

1. e4 c5 2. Nf3 d6 3. d4 cxd4 4. Nxd4 Nf6 5. Nc3 a6 6. Nb3 b5 7. Bd3 Bb7 8. f3
e6 9. O-O Be7 10. Be3 O-O 11. Qd2 Nc6 12. Nd4 d5 13. exd5 Nxd5 14. Nxd5 exd5
15. Nf5 Bf6 16. Bh6 Ne5 17. Be3 Nc4 18. Bxc4 dxc4 19. Qxd8 Rfxd8 20. c3 Rd3 21.
Rad1 Rad8 22. Rde1 b4 23. Bb6 Ra8 24. Bd4 Bxd4+ 25. Nxd4 bxc3 26. bxc3 Rxc3 27.
Rc1 Rxc1 28. Rxc1 Bd5 29. Nf5 Kf8 30. Kf2 g6 31. Ne3 Be6 32. Ke2 Rc8 33. a3 Ke7
34. Kd2 Kd6 35. Kc3 Kc5 36. Rb1 Rd8 37. Rd1 Rb8 0-1

[Event "Polofinale MCR junioru 2013"]
[Site "Havlickuv Brod - hotel Slunce"]
[Date "2013.11.23"]
[Round "9.26"]
[White "Babicka, Michal"]
[Black "Stancik, Jakub"]
[Result "1/2-1/2"]
[WhiteElo "1752"]
[BlackElo "1849"]
[PlyCount "37"]
[EventDate "2013.11.17"]

1. c4 e5 2. b3 Nf6 3. Bb2 Nc6 4. e3 d5 5. cxd5 Nxd5 6. Nf3 Bd6 7. Bc4 Be6 8.
O-O O-O 9. d4 exd4 10. Nxd4 Nxd4 11. Qxd4 Nf6 12. Bxe6 fxe6 13. Nc3 Qe7 14. Ne4
Nxe4 15. Qxe4 c6 16. Rad1 Rf5 17. Rd3 Rd8 18. Rfd1 Rd5 19. h3 1/2-1/2

[Event "Polofinale MCR junioru 2013"]
[Site "Havlickuv Brod - hotel Slunce"]
[Date "2013.11.23"]
[Round "9.27"]
[White "Kopriva, Martin"]
[Black "Stuchly, Ondrej"]
[Result "1/2-1/2"]
[WhiteElo "1832"]
[BlackElo "1803"]
[PlyCount "75"]
[EventDate "2013.11.17"]

1. e4 e6 2. d4 d5 3. Bd3 dxe4 4. Bxe4 Nf6 5. Bd3 Be7 6. Nf3 O-O 7. O-O b6 8.
Bg5 Bb7 9. c3 Nbd7 10. Nbd2 c5 11. Rc1 cxd4 12. cxd4 Nd5 13. Bxe7 Qxe7 14. Ne4
Rac8 15. Nc3 N7f6 16. Bb1 Rfd8 17. Nxd5 Nxd5 18. Qd3 Nf6 19. Rxc8 Rxc8 20. Rd1
Be4 21. Qa6 Qc7 22. Bxe4 Nxe4 23. Re1 Nf6 24. h3 Qc2 25. Qxa7 Qxb2 26. a4 g6
27. Qb7 Qc2 28. Qxb6 Ne4 29. Rf1 Qxa4 30. Ne5 Qc2 31. Qb7 Rc7 32. Qb8+ Kg7 33.
Ng4 Qc6 34. Qb2 Qc3 35. Qb6 Qc6 36. Qb2 Qc3 37. Qb6 Qc6 38. Qb2 1/2-1/2

[Event "Polofinale MCR junioru 2013"]
[Site "Havlickuv Brod - hotel Slunce"]
[Date "2013.11.23"]
[Round "9.28"]
[White "Stula, Petr"]
[Black "Solc, Filip"]
[Result "0-1"]
[WhiteElo "1426"]
[BlackElo "1676"]
[PlyCount "60"]
[EventDate "2013.11.17"]

1. e4 Nf6 2. Nc3 d5 3. exd5 Nxd5 4. Nxd5 Qxd5 5. Nf3 Bg4 6. Be2 e5 7. O-O Bd6
8. d3 O-O 9. h3 Bh5 10. Be3 Nc6 11. Re1 Kh8 12. c3 f5 13. d4 e4 14. Nh2 Bxe2
15. Qxe2 Rae8 16. Qh5 Ne7 17. b3 Ng6 18. c4 Bxh2+ 19. Kxh2 Qd6+ 20. Kh1 f4 21.
Bd2 Qxd4 22. Qe2 Qd7 23. Rad1 f3 24. Qf1 fxg2+ 25. Qxg2 Qf5 26. Be3 Nh4 27. Qg3
Nf3 28. Rd5 Qf6 29. Red1 Rf7 30. Rd7 Rxd7 0-1

[Event "Polofinale MCR junioru 2013"]
[Site "Havlickuv Brod - hotel Slunce"]
[Date "2013.11.23"]
[Round "9.29"]
[White "Ocko, Dominik"]
[Black "Danhel, Lukas"]
[Result "1/2-1/2"]
[WhiteElo "1493"]
[BlackElo "1670"]
[PlyCount "55"]
[EventDate "2013.11.17"]

1. e4 c5 2. Nf3 Nc6 3. d4 cxd4 4. Nxd4 g6 5. Nc3 Bg7 6. Be3 Nf6 7. f3 Qa5 8.
Bc4 Qb4 9. Bb3 Nxe4 10. fxe4 Bxd4 11. Bxd4 Qxd4 12. Qxd4 Nxd4 13. Nd5 Ne6 14.
O-O d6 15. Ba4+ Kf8 16. Rf2 Nc5 17. Raf1 f6 18. Bb3 Nxb3 19. axb3 Kf7 20. c4
Be6 21. Re1 Rab8 22. b4 Rhc8 23. Rc2 Bxd5 24. exd5 Rc7 25. b3 Rbc8 26. b5 Rc5
27. Ra2 a6 28. bxa6 1/2-1/2